000 00918cam a2200241 4500
001 WB3631-40
008 000000n2000 000 0 eng u
035 _a(Sirsi) u107660
245 _aSecurity for Mayfair leaseholders
260 _c2000
490 _aFinancial Times
_v5 August 2000, XVII(2)
520 _aThe Grosvenor estate has introduced a new type of lease which fills a gap in the leasehold system and ensures that occupiers in due course will manage their own buildings. It is hoped that this will raise values in the Mayfair part of the Grosvenor estate and encourage occupiers to spend money on the common parts of their buildings.
590 _aWB
650 _aLEASEHOLDERS
650 _aLEASES
650 _aSECURITY OF TENURE
650 _aOWNER-OCCUPIERS
650 _aFLATS
650 _aGROSVENOR ESTATE
650 _aMAYFAIR
690 _aLANDLORD AND TENANT-LEASES
942 _n0
999 _c64319
_d64319